Central Library OPAC University of Rajshahi

De Quincey's Revolt of the Tartars and The English Mail-Coach. With introduction and notes by Cecil M. Barrow ... and Mark Hunter De Quincey's Revolt of the Tartars and The English Mail-Coach. With introduction and notes by Cecil M. Barrow ... and Mark Hunter / (Record no. 84936)

MARC details
000 -LEADER
fixed length control field 00804nam a22002057a 4500
001 - CONTROL NUMBER
control field 84936
003 - CONTROL NUMBER IDENTIFIER
rucl marc code BD-RjUL
005 - DATE AND TIME OF LATEST TRANSACTION
control field 20250518114801.0
008 - FIXED-LENGTH DATA ELEMENTS--GENERAL INFORMATION
fixed length control field 250518s1936 lyd||||| |||| 00| 0 eng d
035 ## - SYSTEM CONTROL NUMBER
System control number (BD-RjUL)84936
040 ## - CATALOGING SOURCE
Original cataloging agency BD-RjUL
Language of cataloging eng
Transcribing agency BD-RjUL
041 ## - LANGUAGE CODE
Language code of text/sound track or separate title eng
082 ## - DEWEY DECIMAL CLASSIFICATION NUMBER
Edition number 23
Classification number 824
Author mark and year BAD 1936
100 10 - MAIN ENTRY--PERSONAL NAME
Personal name Barrow, Cecil M.
9 (RLIN) 15490
245 ## - TITLE STATEMENT
Title De Quincey's Revolt of the Tartars and The English Mail-Coach. With introduction and notes by Cecil M. Barrow ... and Mark Hunter De Quincey's Revolt of the Tartars and The English Mail-Coach. With introduction and notes by Cecil M. Barrow ... and Mark Hunter /
Statement of responsibility, etc. Cecil M. Barrow , J.M.S. Hunter
260 ## - PUBLICATION, DISTRIBUTION, ETC. (IMPRINT)
Place of publication, distribution, etc. London:
Name of publisher, distributor, etc. George Bell & Sons, London ,
Date of publication, distribution, etc. 1936
300 ## - PHYSICAL DESCRIPTION
Pagination 188 p. ;
Size 18 cm
700 ## - ADDED ENTRY--PERSONAL NAME
Personal name Hunter, J.M.S.
942 ## - ADDED ENTRY ELEMENTS (KOHA)
Source of classification or shelving scheme Dewey Decimal Classification
Koha item type Books
Holdings
Lost status Source of classification or shelving scheme Damaged status Not for loan Collection code Permanent Location Current Location Shelving location Date acquired Total Checkouts Full call number Date last seen Copy number Koha item type
  Dewey Decimal Classification   Not For Loan Non-fiction Central Library, University of Rajshahi Central Library, University of Rajshahi Reading Room 18/05/2025   824 BAD 1936 18/05/2025 C-1 Books